000 00279nam a2200109Ia 4500
008 190912s9999||||xx |||||||||||||| ||und||
100 _aSyed Nazir Ali
245 0 _aWaldeen : Tumharay Maa Baap Mare Maa Baap
260 _aLahore
_bRab Publishers
_c2016
300 _a48
942 _cBK
999 _c7405
_d7405